ARRUPE JESUIT UNIVERSITY

CORONAVIRUS -STOP THE SPREAD - CLEAN,DISINFECT,COVER

Among them Yanks / (Record no. 121394)

MARC details
000 -LEADER
fixed length control field 00604cam a2200205 a 4500
001 - CONTROL NUMBER
control field 1003532
003 - CONTROL NUMBER IDENTIFIER
control field ARRUPE
005 - DATE AND TIME OF LATEST TRANSACTION
control field 20141203124315.0
008 - FIXED-LENGTH DATA ELEMENTS--GENERAL INFORMATION
fixed length control field 860424s1985 rh 000 1 eng
010 ## - LIBRARY OF CONGRESS CONTROL NUMBER
LC control number 86980025
040 ## - CATALOGING SOURCE
Original cataloging agency DLC
Transcribing agency DLC
Modifying agency DLC
050 00 - LIBRARY OF CONGRESS CALL NUMBER
Classification number SPC PR9390.9.S2.A4
300 ## - PHYSICAL DESCRIPTION
Dimensions 21 cm.
100 1# - MAIN ENTRY--PERSONAL NAME
Personal name Samkange, Stanlake John Thompson,
Dates associated with a name 1922-
9 (RLIN) 13074
245 10 - TITLE STATEMENT
Title Among them Yanks /
Statement of responsibility, etc Stanlake Samkange.
260 ## - PUBLICATION, DISTRIBUTION, ETC. (IMPRINT)
Place of publication, distribution, etc Harare
Name of publisher, distributor, etc Harare Publishing House,
Date of publication, distribution, etc 1985.
300 ## - PHYSICAL DESCRIPTION
Extent 124 p. ;
651 #0 - SUBJECT ADDED ENTRY--GEOGRAPHIC NAME
Geographic name Zimbabwe
Form subdivision Fiction.
9 (RLIN) 13075
906 ## - LOCAL DATA ELEMENT F, LDF (RLIN)
a 7
b cbc
c orignew
d 4
e ncip
f 19
g y-gencatlg
942 ## - ADDED ENTRY ELEMENTS (KOHA)
Source of classification or shelving scheme Library of Congress Classification
Koha item type SPC
Holdings
Withdrawn status Lost status Source of classification or shelving scheme Damaged status Not for loan Home library Current library Date acquired Total Checkouts Full call number Barcode Date last seen Price effective from Koha item type
    Library of Congress Classification     ARRUPE LIBRARY ARRUPE LIBRARY 03/12/2014   SPC PR9390.9.S2.A4 46500003588 03/12/2014 03/12/2014 SPC

 

Arrupe Library. PO Box MP320 Mt Pleasant, Harare, Zimbabwe
263 242 745411|librarian@aju.ac.zw